000 00207 a2200097 4500
020 _a7441025501739
041 _aspa
100 _aAlphonse Daudet
245 _aEl sitio de Berlin y otros Cuentos
942 _cBK
999 _c15961
_d15961